Rethinking education and emancipation: (Record no. 1848241)
[ view plain ]
| 000 -LEADER | |
|---|---|
| fixed length control field | 00921nam a22002657a 4500 |
| 003 - CONTROL NUMBER IDENTIFIER | |
| control field | OSt |
| 005 - DATE AND TIME OF LATEST TRANSACTION | |
| control field | 20260410163040.0 |
| 008 - FIXED-LENGTH DATA ELEMENTS--GENERAL INFORMATION | |
| fixed length control field | 260410b |||||||| |||| 00| 0 eng d |
| 020 ## - INTERNATIONAL STANDARD BOOK NUMBER | |
| International Standard Book Number | 978-3-031-47043-1 |
| 037 ## - SOURCE OF ACQUISITION | |
| Terms of availability | Reference |
| 040 ## - CATALOGING SOURCE | |
| Original cataloging agency | FEDL |
| Language of cataloging | eng` |
| Transcribing agency | FEDL |
| 041 ## - LANGUAGE CODE | |
| Language code of text/sound track or separate title | eng |
| Language code of original | eng |
| 082 ## - DEWEY DECIMAL CLASSIFICATION NUMBER | |
| Classification number | 370.115 LAC/RR |
| 100 ## - MAIN ENTRY--PERSONAL NAME | |
| Personal name | Lackovic, Natasa, Ed....[et.al] |
| 9 (RLIN) | 1234697 |
| 245 ## - TITLE STATEMENT | |
| Title | Rethinking education and emancipation: |
| Remainder of title | Diverse perspectives on contemporary challenges/ |
| Statement of responsibility, etc. | by Natasa Lackovic, Ed....[et.al] |
| 260 ## - PUBLICATION, DISTRIBUTION, ETC. | |
| Place of publication, distribution, etc. | Singapore |
| Name of publisher, distributor, etc. | Palgrave Macmillan |
| Date of publication, distribution, etc. | 2024 |
| 300 ## - PHYSICAL DESCRIPTION | |
| Extent | ix, 239p. |
| 365 ## - TRADE PRICE | |
| Price type code | Euro |
| Price amount | 139.99 |
| 650 ## - SUBJECT ADDED ENTRY--TOPICAL TERM | |
| Topical term or geographic name entry element | EDUCATION- SOCIAL RESPONSIBILITY |
| 9 (RLIN) | 1234698 |
| 700 ## - ADDED ENTRY--PERSONAL NAME | |
| Personal name | Cvejic, Igor, Ed. |
| 9 (RLIN) | 1234699 |
| 700 ## - ADDED ENTRY--PERSONAL NAME | |
| Personal name | Krstic,, Predrag, Ed. |
| 9 (RLIN) | 1234700 |
| 700 ## - ADDED ENTRY--PERSONAL NAME | |
| Personal name | Nikolic, Olga, Ed. |
| 9 (RLIN) | 1234701 |
| 942 ## - ADDED ENTRY ELEMENTS (KOHA) | |
| Source of classification or shelving scheme | Dewey Decimal Classification |
| Koha item type | Reference |
| Classification part | 370.115 LAC/RR |
| Suppress in OPAC | No |
| Withdrawn status | Lost status | Source of classification or shelving scheme | Damaged status | Not for loan | Collection | Home library | Current library | Shelving location | Date acquired | Total Checkouts | Full call number | Barcode | Date last seen | Price effective from | Koha item type |
|---|---|---|---|---|---|---|---|---|---|---|---|---|---|---|---|
| Dewey Decimal Classification | Reference | Department of Education Library | Department of Education Library | Reference | 2026-04-10 | 370.115 LAC/RR | EL0094904 | 2026-04-10 | 2026-04-10 | Reference |
